000 00356nam a2200133Ia 4500
005 20260328101519.0
008 260328s9999||||xx |||||||||||||| ||und||
100 _aPeschke,Bernhard
245 0 _aConstrucción en hormigón :
_b Principios técnicos /
_cBernhard Peschke
260 _bVEB
300 _a71 p.
650 _aDETALLES CONSTRUCTIVOS
942 _cBK
999 _c9502
_d9502